000 00356nam a2200157Ia 4500
100 _aWeste/ N.H.E./ Eshraghian K
250 _a2
942 _cBK
654 _aComputer
245 _aPrinciples of CMOS VLSI design
260 _bAddison Wesley Pub
_aReading
_c1992
082 _a621.395
_bWE/ESH
300 _a713
546 _aENGLISH
999 _c32495
_d32495